000 00767nam a2200289Ia 4500
005 20260324150047.0
008 008 260324s9999 xx 000 0 eng d
020 _a9781315712345
037 _aEBOOK
040 _aCRL
040 _beng
040 _cCRL
041 _2eng
041 _aeng
084 _qCRL
100 _aR. S. Peters
_9999220
245 0 _aPsychology and Ethical Development (Routledge Revivals)
245 2 _bA Collection of Articles on Psychological Theories, Ethical Development and Human Understanding
260 _bTaylor and Francis
260 _c1974
365 _a
365 _b300
856 _uhttp://www.taylorfrancis.com/books/9781315712345
942 _cEBOOK
999 _c1833944
_d1833944